Objectives and solved problems in Farm power and machinery engineering (Record no. 13631)
[ view plain ]
| 000 -LEADER | |
|---|---|
| fixed length control field | 01131nam a22001697a 4500 |
| 003 - CONTROL NUMBER IDENTIFIER | |
| control field | OSt |
| 008 - FIXED-LENGTH DATA ELEMENTS--GENERAL INFORMATION | |
| fixed length control field | 220203b ||||| |||| 00| 0 eng d |
| 020 ## - INTERNATIONAL STANDARD BOOK NUMBER | |
| ISBN | 8180140253 |
| 082 ## - DEWEY DECIMAL CLASSIFICATION NUMBER | |
| Classification number | 631.3068 |
| Item number | SUR/OB |
| 100 ## - MAIN ENTRY--AUTHOR NAME | |
| Personal name | Suresh R |
| 245 ## - TITLE STATEMENT | |
| Title | Objectives and solved problems in Farm power and machinery engineering |
| 250 ## - EDITION STATEMENT | |
| Edition statement | 1 |
| 260 ## - PUBLICATION, DISTRIBUTION, ETC. (IMPRINT) | |
| Place of publication | Delhi |
| Name of publisher | Standard publishers Distributors |
| Year of publication | 2009 |
| 505 ## - FORMATTED CONTENTS NOTE | |
| Formatted contents note | Part I: FARM POWER ENGINEERING 1. General: Farm Power, Farm Mechanization and Renewable energy 2. Strength of Materials and Materials of construcion, 3. I.C. Engine: General, 4. I.C.Engine: Fuel supply system 5.I.C.EEngine: Governing System 6. I.C.Engine: Lubricating System 7. I.C.Engine: Ignition System I.C.Engine: Cooling system 9. Farm Tractosr 10. Power Transmission System 11. Measurement of Engine Power Every chapter has solved problems and objective type question PART II: FARM MACHINERY ENGINEERING 1. Tillage Impliments 2. Seeding and Fertilizing Equipments 3. Sprayers and Dustors 4. Harvesting Equuipments 5. Threshing Equipments 6. Farm processing Equipments 7. Answers |
| 700 ## - ADDED ENTRY--PERSONAL NAME | |
| Personal name | Sanjay Kumar |
| 942 ## - ADDED ENTRY ELEMENTS (KOHA) | |
| Koha item type | Books |
| Withdrawn status | Lost status | Damaged status | Collection code | Home library | Current library | Shelving location | Date acquired | Cost, normal purchase price | Full call number | Accession Number | Koha item type |
|---|---|---|---|---|---|---|---|---|---|---|---|
| Non-fiction | KAUAET | KAUAET | General Stacks | 31/03/2012 | 225.00 | 631.3068 SUR/OB | 23238 | Books | |||
| Non-fiction | KAUAET | KAUAET | General Stacks | 31/03/2012 | 225.00 | 631.3068 SUR/OB | 23239 | Books | |||
| Non-fiction | KAUAET | KAUAET | General Stacks | 31/03/2012 | 225.00 | 631.3068 SUR/OB | 23240 | Books | |||
| Non-fiction | KAUAET | KAUAET | General Stacks | 31/03/2012 | 225.00 | 631.3068 SUR/OB | 23241 | Books | |||
| Non-fiction | KAUAET | KAUAET | General Stacks | 31/03/2012 | 225.00 | 631.3068 SUR/OB | 23242 | Books | |||
| Non-fiction | KAUAET | KAUAET | General Stacks | 31/03/2012 | 225.00 | 631.3068 SUR/OB | 23243 | Books | |||
| Non-fiction | KAUAET | KAUAET | General Stacks | 31/03/2012 | 225.00 | 631.3068 SUR/OB | 23244 | Books | |||
| Non-fiction | KAUAET | KAUAET | General Stacks | 31/03/2012 | 225.00 | 631.3068 SUR/OB | 23245 | Books | |||
| Non-fiction | KAUAET | KAUAET | General Stacks | 31/03/2012 | 225.00 | 631.3068 SUR/OB | 23246 | Books | |||
| Non-fiction | KAUAET | KAUAET | General Stacks | 31/03/2012 | 225.00 | 631.3068 SUR/OB | 23247 | Books |
